UBT Library

NUTRITION IN PREVENTIVE DENTRISTRY (Record no. 6036)

000 -LEADER
fixed length control field 00301nam a22001337a 4500
008 - FIXED-LENGTH DATA ELEMENTS--GENERAL INFORMATION
fixed length control field 170222b xxu||||| |||| 00| 0 eng d
020 ## - INTERNATIONAL STANDARD BOOK NUMBER
International Standard Book Number 0721368100
041 ## - LANGUAGE CODE
Language code of text/sound track or separate title eng
080 ## - UNIVERSAL DECIMAL CLASSIFICATION NUMBER
Universal Decimal Classification number 616.31
100 ## - Rafti
Rafti 5
101 ## - Shkurtesa
Shkurtesa SHS
245 ## - TITLE STATEMENT
Title NUTRITION IN PREVENTIVE DENTRISTRY
Statement of responsibility, etc NIZEL, A.E
942 ## - ADDED ENTRY ELEMENTS (KOHA)
Source of classification or shelving scheme
Item type Books
Holdings
Withdrawn status Lost status Source of classification or shelving scheme Damaged status Not for loan Collection code Permanent location Current location Shelving location Date acquired Total Checkouts Full call number Barcode Date last seen Price effective from Koha item type
          Koleksioni i përgjithshem UBT - Lipjan UBT - Lipjan Koleksioni i përgjithshem 02/22/2017   616.31 NIZ 002-039727 02/22/2017 02/22/2017 Books
UBT Library © 2015-2024. All rights reserved University Education for Business and Technology